Word Ladder: A Nursery Rhyme Quiz Stats

Quiz Updated Oct 4, 2015

Challenge
Share
Tweet
Embed
Score 0/12 Timer 01:00
1 Play Today
Clue 4-Letter Word % Correct
'[RUNG 1] and [RUNG 8] went up the [RUNG 9] to fetch a [RUNG 12] of water.'JACK
97.4%
'[RUNG 1] and [RUNG 8] went up the [RUNG 9] to fetch a [RUNG 12] of water.'JILL
96.4%
The conversation you have with a coworker in the elevator: small ____TALK
96.3%
The 'thumb' variety is often stuck to bulletin boardsTACK
94.8%
'[RUNG 1] and [RUNG 8] went up the [RUNG 9] to fetch a [RUNG 12] of water.'HILL
93.5%
Vertically well-endowedTALL
92.3%
'[RUNG 1] and [RUNG 8] went up the [RUNG 9] to fetch a [RUNG 12] of water.'PAIL
91.3%
Cash drawerTILL
87.4%
To flag a taxicabHAIL
85.9%
What happens if a pinball machine is pushed too hardTILT
83.3%
It follows 'Great', 'City', or 'Concert'HALL
82.8%
To suddenly abandon your loverJILT
81.1%

Today's Daily Dose

Word Ladder
NHL

Quick Pick
Songs in Green

On This Day
May 24th II

You're not logged in!

Compare scores with friends on all Sporcle quizzes.
Join for Free
OR
Log In

You Might Also Like...

Show Comments

Extras

Top Quizzes Today


Score Distribution

Your Account Isn't Verified!

In order to create a playlist on Sporcle, you need to verify the email address you used during registration. Go to your Sporcle Settings to finish the process.

Report this User

Report this user for behavior that violates our Community Guidelines.

Details: